[Event "Quebec-ch U12"]
[Site "Montreal"]
[Date "2017.03.04"]
[Round "3"]
[White "Zheng, Richard"]
[Black "Yu, Daniel Tianqi"]
[Result "1-0"]
[WhiteElo "1800"]
[BlackElo "1632"]
[PlyCount "71"]
[EventDate "2017.03.04"]
[EventType "swiss"]
[EventRounds "5"]
[EventCountry "CAN"]
[SourceTitle "EXT 2022"]
[Source "ChessBase"]
[SourceDate "2021.10.06"]
[SourceVersion "1"]
[SourceVersionDate "2021.10.06"]
[SourceQuality "1"]

1. d4 d5 2. c4 e6 3. Nc3 Nf6 4. cxd5 exd5 5. Bg5 Bb4 6. Qc2 Nc6 7. e3 h6 8. Bh4 g5 9. Bg3 Ne4 10. Bd3 Bf5 11. Nge2 Qe7 12. 0-0-0 Bxc3 13. Nxc3 0-0-0 14. Bxe4 Nb4 15. Bxf5+ Kb8 16. Qd2 h5 17. a3 Nc6 18. Nb5 Rd6 19. Bxd6 cxd6 20. Nc3 Qf6 21. Bc2 Qe6 22. Bb3 Na5 23. Bxd5 Qd7 24. b4 Nc6 25. Bxc6 Qxc6 26. d5 Qa6 27. Kb2 Rc8 28. Qe2 Qb6 29. Rc1 Qd8 30. Nb5 Qf6+ 31. Nd4 Re8 32. Qc2 a6 33. Qc7+ Ka8 34. Rhf1 Ka7 35. Ka2 Re7 36. Nc6+ 1-0

[Event "Quebec op U1700"]
[Site "Montreal"]
[Date "2016.07.25"]
[Round "4.55"]
[White "Yu, Daniel Tianqi"]
[Black "Legault, Simon"]
[Result "1-0"]
[WhiteElo "1639"]
[BlackElo "1399"]
[PlyCount "117"]
[EventDate "2016.07.23"]
[EventType "swiss"]
[EventRounds "8"]
[EventCountry "CAN"]
[SourceTitle "EXT 2022"]
[Source "ChessBase"]
[SourceDate "2021.10.06"]
[SourceVersion "1"]
[SourceVersionDate "2021.10.06"]
[SourceQuality "1"]

1. e4 c5 2. Nf3 d6 3. Bb5+ Bd7 4. Be2 Nc6 5. c3 Nf6 6. Qc2 e5 7. d3 Be7 8. h3 b5 9. 0-0 0-0 10. Bg5 Nh5 11. Nxe5 Nxe5 12. Bxe7 Qxe7 13. Bxh5 Qg5 14. Bd1 Bxh3 15. f4 Qxg2+ 16. Qxg2 Bxg2 17. Kxg2 Nxd3 18. b3 c4 19. Be2 cxb3 20. axb3 Nc5 21. Nd2 a6 22. b4 Ne6 23. Rfc1 Nxf4+ 24. Kf3 Nxe2 25. Kxe2 Rfe8 26. Kd3 d5 27. exd5 Re5 28. Kd4 Rh5 29. Re1 Rd8 30. Re5 Rh4+ 31. Kc5 Rc8+ 32. Kb6 Rh6+ 33. Kb7 Rd8 34. Rxa6 Rxa6 35. Kxa6 f6 36. Rf5 Kf7 37. Kxb5 g6 38. Rf2 Rxd5+ 39. Kc4 Rd8 40. Ne4 Rc8+ 41. Kb3 Rc6 42. b5 Rb6 43. Rxf6+ Rxf6 44. Nxf6 Ke7 45. Nxh7 Kd7 46. c4 Kc7 47. c5 Kb7 48. c6+ Kb6 49. Kc4 Kc7 50. Kc5 Kc8 51. Kd6 Kd8 52. c7+ Kc8 53. Ng5 Kb7 54. Kd7 Ka7 55. c8Q Kb6 56. Qc7+ Kxb5 57. Qc3 Kb6 58. Qb4+ Ka6 59. Kc6 1-0

[Event "Quebec-ch U12"]
[Site "Montreal"]
[Date "2016.01.16"]
[Round "2"]
[White "Yu, Daniel Tianqi"]
[Black "Cai, Tony"]
[Result "0-1"]
[WhiteElo "1565"]
[BlackElo "1088"]
[PlyCount "98"]
[EventDate "2016.01.15"]
[EventType "swiss"]
[EventRounds "5"]
[EventCountry "CAN"]
[SourceTitle "EXT 2017"]
[Source "ChessBase"]
[SourceDate "2016.10.25"]
[SourceVersion "1"]
[SourceVersionDate "2016.10.25"]
[SourceQuality "1"]

1. e4 e5 2. Nf3 Nc6 3. Bc4 Bc5 4. d3 Nf6 5. Nc3 d6 6. h3 Nd4 7. Bg5 c6 8. a3 Qe7 9. Na4 Be6 10. Bxe6 Nxe6 11. Bxf6 Qxf6 12. Nxc5 dxc5 13. Qd2 Nd4 14. Nxd4 cxd4 15. Qb4 b6 16. 0-0 c5 17. Qb5+ Ke7 18. b4 Rhc8 19. Rac1 Kf8 20. c3 Kg8 21. cxd4 exd4 22. bxc5 bxc5 23. Rxc5 Rd8 24. Rfc1 h6 25. Qc4 a5 26. Rf5 Qe7 27. Qc5 Qe8 28. Rd5 Rdc8 29. Re5 Qd7 30. Rc4 Rxc5 31. Rexc5 Qd6 32. a4 Rb8 33. g3 Qd7 34. Kg2 Rb4 35. Rd5 Qxa4 36. Rcc5 Qd1 37. Rc7 Rb1 38. g4 Qh1+ 39. Kg3 Rg1+ 40. Kh4 g5+ 41. Rxg5+ hxg5+ 42. Kxg5 Qxh3 43. Kf6 Qh4+ 44. Ke5 Qh2+ 45. f4 Qh8+ 46. Kd5 Kg7 47. Ke5 Qb8 48. Kf5 Qxc7 49. g5 Qd6 0-1

[Event "Quebec-ch U12"]
[Site "Montreal"]
[Date "2016.01.16"]
[Round "3"]
[White "Yu, Xi Ming"]
[Black "Yu, Daniel Tianqi"]
[Result "1/2-1/2"]
[WhiteElo "1376"]
[BlackElo "1565"]
[PlyCount "126"]
[EventDate "2016.01.15"]
[EventType "swiss"]
[EventRounds "5"]
[EventCountry "CAN"]
[SourceTitle "EXT 2017"]
[Source "ChessBase"]
[SourceDate "2016.10.25"]
[SourceVersion "1"]
[SourceVersionDate "2016.10.25"]
[SourceQuality "1"]

1. e4 c5 2. c3 d6 3. d4 cxd4 4. cxd4 g6 5. Nc3 Nc6 6. Nf3 Bg4 7. Be2 Bg7 8. Be3 Nf6 9. h3 Bxf3 10. Bxf3 e5 11. d5 Ne7 12. 0-0 0-0 13. Qd2 Ne8 14. Bh6 f5 15. Bxg7 Nxg7 16. exf5 Nexf5 17. Rac1 Nd4 18. Bg4 Ngf5 19. Bxf5 Rxf5 20. Ne2 Nxe2+ 21. Qxe2 Qa5 22. Qc4 Rf4 23. Qb3 Rb4 24. Qc3 Rb5 25. Qc7 Qxc7 26. Rxc7 Rc5 27. Rxb7 Rxd5 28. Rc1 Rc5 29. Rxc5 dxc5 30. Rc7 Rb8 31. b3 a5 32. Rxc5 a4 33. bxa4 Rb1+ 34. Kh2 Rb2 35. Rxe5 Rxa2 36. Ra5 Rxf2 37. Ra7 Ra2 38. a5 Ra3 39. h4 h5 40. g3 Kf8 41. Kh3 Ke8 42. Kh2 Kd8 43. Kh3 Ra2 44. Ra6 Ke8 45. Ra7 Kd8 46. Rg7 Rxa5 47. Rxg6 Ke7 48. Kg2 Kf7 49. Rd6 Ra3 50. Kf2 Kg7 51. Kg2 Kf7 52. Rh6 Ra5 53. Kf3 Kg7 54. Re6 Rf5+ 55. Ke4 Rf1 56. Re5 Kg6 57. Rg5+ Kh6 58. Rf5 Rg1 59. Rf6+ Kg7 60. Rf3 Kg6 61. Kf4 Ra1 62. Re3 Rf1+ 63. Rf3 Ra1 1/2-1/2

[Event "CAN-ch U10"]
[Site "Windsor"]
[Date "2015.07.09"]
[Round "6.96"]
[White "Omichi, Haruaki"]
[Black "Yu, Daniel Tianqi"]
[Result "1/2-1/2"]
[WhiteElo "1164"]
[BlackElo "1555"]
[PlyCount "91"]
[EventDate "2015.07.06"]
[EventType "swiss"]
[EventRounds "7"]
[EventCountry "CAN"]
[SourceTitle "EXT 2022"]
[Source "ChessBase"]
[SourceDate "2021.10.06"]
[SourceVersion "1"]
[SourceVersionDate "2021.10.06"]
[SourceQuality "1"]

1. e4 c5 2. Nf3 d6 3. d3 Nc6 4. g3 h6 5. Bg2 Nf6 6. 0-0 Bg4 7. Nbd2 e6 8. h3 Bh5 9. g4 Bg6 10. Nc4 Be7 11. e5 Nd5 12. exd6 Bxd6 13. Re1 Qc7 14. Nh4 Nde7 15. Nxd6+ Qxd6 16. f4 0-0 17. Rf1 Bh7 18. Be3 Nd5 19. Bxd5 Qxd5 20. Qf3 Qxf3 21. Nxf3 b6 22. g5 Bf5 23. h4 h5 24. Nd2 Nb4 25. Rfc1 Rfd8 26. a3 Nd5 27. Re1 Nxe3 28. Rxe3 Rd4 29. Rf1 b5 30. Nb3 Rd5 31. Re5 Rxe5 32. fxe5 c4 33. dxc4 bxc4 34. Nd4 Rb8 35. b3 Rd8 36. Nxf5 exf5 37. bxc4 Rd4 38. c5 Rxh4 39. Rxf5 Rc4 40. Rf2 Rxc5 41. Re2 g6 42. Kg2 Rc3 43. a4 Ra3 44. Re4 Ra2 45. Rc4 a5 46. Kf3 1/2-1/2